LEADER 03117nam 2200589 450 001 9910823458503321 005 20200520144314.0 010 $a9956-791-78-4 035 $a(CKB)3710000000084423 035 $a(OCoLC)875706882 035 $a(MdBmJHUP)muse34565 035 $a(SSID)ssj0001160631 035 $a(PQKBManifestationID)11748184 035 $a(PQKBTitleCode)TC0001160631 035 $a(PQKBWorkID)11122909 035 $a(PQKB)10541889 035 $a(MiAaPQ)EBC1986818 035 $a(Au-PeEL)EBL1986818 035 $a(CaPaEBR)ebr10827672 035 $a(CaONFJC)MIL663318 035 $a(OCoLC)923711806 035 $a(PPN)19868035X 035 $a(EXLCZ)993710000000084423 100 $a20140121h20142014 uy 0 101 0 $aeng 135 $aur|||||||nn|n 181 $2rdacontent 182 $2isbdmedia 183 $2rdacarrier 200 00$aIncisive journalism in Cameroon $ethe best of Cameroon report (1978 - 1986) /$fedited by Michael Sam-Nuvala Fonkem ; contributors Wilfred Nkwenti [and seventeen others] 210 1$aBamenda, Cameroon :$cLangaa Research & Publishing,$d2014. 210 4$d©2014 215 $a1 online resource (1 PDF (xxxii, 241 pages)) 300 $aIssued as part of UPCC book collections on Project MUSE. 311 $a1-322-32036-5 311 $a9956-791-17-2 330 $aWorking for Cameroon state-owned Radio in the 1970's and '80's meant toeing the official line and learning not to sing out of tune. While the rather scanty private press that existed at the time was subject to prior censorship, a different kind of censorship - self-censorship prevailed at the Radio where topics for commentaries were vetted by the Minister of Information or his delegate. But for Anglophones working in a predominantly francophone environment, once topics were approved, the authorities could not be sure which direction commentaries were going to take as the journalists applied the tactics of 'bite and blow', sometimes giving full expression of their Anglo-Saxon spirit of debate and critical analysis as evidenced in this selection of commentaries from the Sunday morning commentary programme, "Cameroon Report" (now "Cameroon Calling") of the late 1970's up till 1986. It is a showcase of the irrepressible seed of freedom of expression that Anglophone journalists were imbued with and demonstrated at a time when subjects related to coups d'état, human rights and governance were considered taboo. It was and shall remain the indelible input of the Anglophone character that has had a positive influence on Cameroon's media landscape. 410 0$aUPCC book collections on Project MUSE. 606 $aRadio journalism$zCameroon 606 $aJournalism$zCameroon 615 0$aRadio journalism 615 0$aJournalism 676 $a070.194 701 $aFonkem$b Michael Sam-Nuvala$01706450 701 $aNkwenti$b Wilfred$01706451 801 0$bMiAaPQ 801 1$bMiAaPQ 801 2$bMiAaPQ 906 $aBOOK 912 $a9910823458503321 996 $aIncisive journalism in Cameroon$94093866 997 $aUNINA LEADER 01526nas 2200505-a 450 001 996213229803316 005 20230227213019.0 011 $a1573-7705 035 $a(OCoLC)38095695 035 $a(CKB)954925275498 035 $a(CONSER)--2004229308 035 $a(MiAaPQ)32329 035 $a(DE-599)ZDB2017028-2 035 $a(EXLCZ)99954925275498 100 $a19971216a19939999 --- a 101 0 $aeng 135 $aurmnu|||||||| 181 $ctxt$2rdacontent 182 $cc$2rdamedia 183 $acr$2rdacarrier 200 00$aJournal of network and systems management 210 $a[New York] $cPlenum Pub. Corp 210 3 $a[New York] $cSpringer 300 $aRefereed/Peer-reviewed 311 $a1064-7570 531 $aJ NETWORK SYST MANAGE 531 $aJ NETW SYST MANAG 531 $aJOURNAL OF NETWORK & SYSTEMS MANAGEMENT 531 $aJ. NETW. SYST. MANAG 531 0 $aJ. netw. syst. manag. 606 $aComputer networks$xManagement$vPeriodicals 606 $aComputer networks$xManagement$2fast$3(OCoLC)fst00872323 608 $aPeriodicals.$2fast 608 $aPeriodicals.$2lcgft 610 $atelecommunications 610 $adistributed systems 610 $acommunication networks 610 $anetworked computing 615 0$aComputer networks$xManagement 615 7$aComputer networks$xManagement. 676 $a004.6 906 $aJOURNAL 912 $a996213229803316 996 $aJournal of network and systems management$92292485 997 $aUNISA